=LDR 00000nam 2200000 4500 =001 INLIS000000000036576 =005 20260114025033 =035 ##$$a 0010-061300000036576 =008 260114################g##########0#ind## =041 ##$$a Ind =082 ##$$a 597.98 =090 ##$$a 597.98, Rah r =245 ##$$a Rahasia buaya /$c Wong Comic =260 ##$$a Jakarta :$b Elex media Komputindo,$c 2010 =300 ##$$a 32 hlm. : $b ilus ; $c 28 cm =650 #4$$a Buaya =850 ##$$a NBPNMAT =020 ##$$a 9789792772388 =084 ##$$a 597.98 RAH r =990 ##$$a 21101836 =990 ##$$a 21101834 =990 ##$$a 00190019 =990 ##$$a 21101837 =990 ##$$a 21101836 =990 ##$$a 21101834